[Event "BCF-chT3S 1314 (4NCL)"]
[Site "England"]
[Date "2014.01.12"]
[Round "4.91"]
[White "Anilkumar, Anantha P"]
[Black "Delay, Guillaume"]
[Result "0-1"]
[WhiteElo "1729"]
[BlackElo "2058"]
[PlyCount "86"]
[EventDate "2013.11.16"]
[EventType "team-swiss"]
[EventRounds "6"]
[EventCountry "ENG"]
[SourceTitle "EXT 2015"]
[Source "ChessBase"]
[SourceDate "2014.11.20"]
[SourceVersion "1"]
[SourceVersionDate "2014.11.20"]
[SourceQuality "1"]
[WhiteTeam "KJCA Knights"]
[BlackTeam "Bristol University"]
[WhiteTeamCountry "ENG"]
[BlackTeamCountry "ENG"]

1. e4 c5 2. Nf3 d6 3. d4 cxd4 4. Nxd4 Nf6 5. Nc3 g6 6. Be3 Bg7 7. f3 Nc6 8. Qd2 0-0 9. 0-0-0 d5 10. exd5 Nxd5 11. Nxc6 bxc6 12. Bd4 e5 13. Bc5 Be6 14. Ne4 Re8 15. Ba6 Qc7 16. Nd6 Red8 17. Nb7 Rd7 18. Qa5 Rb8 19. Qxc7 Nxc7 20. Rxd7 Nxa6 21. Bxa7 Bxd7 22. Bxb8 Nxb8 23. Rd1 Kf8 24. Nc5 Ke7 25. a4 Bc8 26. b4 Na6 27. Nxa6 Bxa6 28. Kd2 f5 29. Kc3 e4+ 30. Kb3 e3 31. Re1 f4 32. c4 Kd6 33. Rd1+ Kc7 34. b5 Bc8 35. c5 cxb5 36. axb5 Be6+ 37. Kb4 Bf8 38. Rd4 Bf5 39. Rd1 Be7 40. Re1 Bd3 41. g3 e2 42. Ra1 Bf6 43. Re1 Bd4 0-1

[Event "BCF-chT3S 1314 (4NCL)"]
[Site "England"]
[Date "2013.11.16"]
[Round "1.146"]
[White "Delay, Guillaume"]
[Black "Farrand, Tom"]
[Result "1-0"]
[WhiteElo "2048"]
[BlackElo "2152"]
[PlyCount "79"]
[EventDate "2013.11.16"]
[EventType "team-swiss"]
[EventRounds "6"]
[EventCountry "ENG"]
[SourceTitle "CBM 157 Extra"]
[Source "ChessBase"]
[SourceDate "2013.12.19"]
[SourceVersion "1"]
[SourceVersionDate "2013.12.19"]
[SourceQuality "1"]
[WhiteTeam "Bristol University"]
[BlackTeam "BCM Rhinos II"]
[WhiteTeamCountry "ENG"]
[BlackTeamCountry "ENG"]

1. e4 c5 2. Nf3 e6 3. d4 cxd4 4. Nxd4 Nf6 5. Bd3 Nc6 6. Be3 d5 7. Nxc6 bxc6 8. e5 Nd7 9. f4 Bc5 10. Bd2 Qh4+ 11. g3 Qe7 12. Nc3 Bd4 13. Na4 Nc5 14. Nxc5 Qxc5 15. Qg4 Bxb2 16. Qxg7 Rf8 17. Rb1 Bc3 18. Bxc3 Qxc3+ 19. Ke2 Qa5 20. Rb2 Ba6 21. Rhb1 Rc8 22. Rb8 Qc7 23. R8b2 Qa5 24. Qxh7 c5 25. Bb5+ Bxb5+ 26. Rxb5 Qxa2 27. Rb7 d4 28. R1b3 Qa6+ 29. Kf2 Qa5 30. Qd3 Rh8 31. h4 c4 32. Qxd4 Rd8 33. Qxc4 Qd2+ 34. Qe2 Qd4+ 35. Kg2 Qd5+ 36. Kh2 Kf8 37. Rxa7 Qd2 38. Qxd2 Rxd2+ 39. Kh3 Rxc2 40. Rb8+ 1-0

[Event "FRA-chT4 0809"]
[Site "France "]
[Date "2009.01.18"]
[Round "4"]
[White "Boukhris, Yacine"]
[Black "Delay, Guillaume"]
[Result "0-1"]
[WhiteElo "1936"]
[BlackElo "1967"]
[PlyCount "62"]
[EventDate "2008.10.??"]
[EventType "team-tourn"]
[EventRounds "9"]
[EventCountry "FRA"]
[SourceTitle "EXT 2010"]
[Source "ChessBase"]
[SourceDate "2010.11.25"]
[SourceVersion "1"]
[SourceVersionDate "2010.11.25"]
[SourceQuality "1"]

1. Nc3 c5 2. Nf3 Nc6 3. e4 d6 4. d3 g6 5. g3 Bg7 6. Bg2 Rb8 7. Be3 Bg4 8. h3 Bxf3 9. Bxf3 b5 10. Qd2 b4 11. Nd1 e6 12. 0-0 Nge7 13. Bg2 0-0 14. f4 Qd7 15. g4 f5 16. e5 fxg4 17. hxg4 Nd5 18. Bxd5 exd5 19. Qg2 dxe5 20. Bxc5 Rxf4 21. Ne3 Rb5 22. d4 Rxf1+ 23. Qxf1 Nxd4 24. Bxd4 exd4 25. Ng2 Rb8 26. Qa6 Rb6 27. Qd3 Qxg4 28. c3 bxc3 29. bxc3 Qe4 30. Qh3 Rb1+ 31. Rxb1 Qxb1+ 0-1

[Event "FRA-ch op-B"]
[Site "Pau"]
[Date "2008.08.23"]
[Round "11"]
[White "Adrien, Vincent"]
[Black "Delay, Guillaume"]
[Result "1/2-1/2"]
[WhiteElo "1940"]
[BlackElo "1906"]
[PlyCount "140"]
[EventDate "2008.08.11"]
[EventType "swiss"]
[EventRounds "11"]
[EventCountry "FRA"]
[SourceTitle "CBM 126 Extra"]
[Source "ChessBase"]
[SourceDate "2008.11.05"]
[SourceVersion "1"]
[SourceVersionDate "2008.11.05"]
[SourceQuality "1"]

1. e4 c5 2. Nf3 d6 3. d4 cxd4 4. Nxd4 Nf6 5. Nc3 g6 6. Be3 Bg7 7. Bc4 0-0 8. f3 Nc6 9. Qd2 Bd7 10. 0-0-0 Ne5 11. Bb5 Bxb5 12. Ncxb5 Nc4 13. Qe2 Nxe3 14. Qxe3 Qa5 15. Na3 Rfc8 16. h4 Rab8 17. Qe2 a6 18. g4 b5 19. Nb3 Qb6 20. h5 a5 21. hxg6 hxg6 22. e5 dxe5 23. Rh3 a4 24. Na1 Qc5 25. Rdh1 e6 26. Qh2 Kf8 27. Nb1 e4 28. Qd2 Rd8 29. Qf4 e3 30. c3 b4 31. Nc2 bxc3 32. Nxc3 Nd5 33. Rh8+ Ke7 34. Nxd5+ Qxd5 35. Qc7+ Qd7 36. Qc5+ Qd6 37. Qxd6+ Kxd6 38. Rxd8+ Rxd8 39. Rd1+ Ke7 40. Rxd8 Kxd8 41. Nxe3 Kc7 42. Kc2 Kc6 43. b3 axb3+ 44. Kxb3 Be5 45. Kc4 Kb6 46. Kd3 Kc5 47. Ke4 Bf6 48. f4 Bb2 49. f5 exf5+ 50. gxf5 g5 51. a4 f6 52. a5 Ba1 53. a6 Kb6 54. Kd5 Kxa6 55. Ke6 Kb5 56. Kd5 Bb2 57. Ng4 Kb6 58. Nf2 Kc7 59. Ke6 Kd8 60. Kf7 Kd7 61. Ne4 g4 62. Kg6 Be5 63. Kh5 g3 64. Nd2 Kd6 65. Kg4 Kd5 66. Kf3 Kd4 67. Nb3+ Kc4 68. Nd2+ Kd3 69. Ne4 g2 70. Nf2+ Kd4 1/2-1/2

[Event "FRA-ch op-B"]
[Site "Pau"]
[Date "2008.08.21"]
[Round "9"]
[White "Delay, Guillaume"]
[Black "Assedo, Johaquim"]
[Result "1/2-1/2"]
[WhiteElo "1906"]
[BlackElo "1699"]
[PlyCount "72"]
[EventDate "2008.08.11"]
[EventType "swiss"]
[EventRounds "11"]
[EventCountry "FRA"]
[SourceTitle "CBM 126 Extra"]
[Source "ChessBase"]
[SourceDate "2008.11.05"]
[SourceVersion "1"]
[SourceVersionDate "2008.11.05"]
[SourceQuality "1"]

1. e4 c5 2. Nf3 Nc6 3. d4 cxd4 4. Nxd4 g6 5. c4 Bg7 6. Be3 d6 7. Nc3 Nf6 8. Be2 Bd7 9. 0-0 0-0 10. f3 a6 11. Qd2 Rc8 12. b3 Qa5 13. Rac1 Nxd4 14. Bxd4 Nh5 15. Rfd1 Bxd4+ 16. Qxd4 Nf6 17. Qd2 Qb6+ 18. Kh1 Bc6 19. Nd5 Bxd5 20. exd5 Qd8 21. Rc3 a5 22. Re3 b6 23. Re1 Nd7 24. f4 Nc5 25. Bg4 Rc7 26. Qe2 f5 27. Bf3 Rf7 28. Qf2 Qf8 29. Bd1 Qg7 30. Qh4 Qd4 31. Bc2 Qb2 32. Bb1 Qd4 33. h3 Qg7 34. Kh2 Kf8 35. Qf2 Qd4 36. g3 Qf6 1/2-1/2

[Event "Ouest Toulousain op-A 3rd"]
[Site "Tournefeuille"]
[Date "2008.02.27"]
[Round "4"]
[White "Delay, Guillaume"]
[Black "Alexieva, Silvia"]
[Result "0-1"]
[WhiteElo "1840"]
[BlackElo "2405"]
[PlyCount "112"]
[EventDate "2008.02.25"]
[EventType "swiss"]
[EventRounds "9"]
[EventCountry "FRA"]
[SourceTitle "CBM 123 Extra"]
[Source "ChessBase"]
[SourceDate "2008.05.06"]
[SourceVersion "1"]
[SourceVersionDate "2008.05.06"]
[SourceQuality "1"]

1. e4 c5 2. Nc3 e6 3. Nf3 a6 4. d4 cxd4 5. Nxd4 Qc7 6. g3 b5 7. a3 Bb7 8. Bg2 Nf6 9. 0-0 Nc6 10. Be3 Ne5 11. f4 Nc4 12. Bc1 Bc5 13. Kh1 h5 14. Qd3 h4 15. gxh4 Rxh4 16. Ndxb5 axb5 17. Nxb5 Qc6 18. Qxc4 Nxe4 19. Rf3 Nd2 20. Bxd2 Qxf3 21. Nd6+ Bxd6 22. Bxf3 Bxf3+ 23. Kg1 Bd5 24. Qe2 Rc8 25. Be3 Rh3 26. b4 g5 27. fxg5 Bxh2+ 28. Qxh2 Rxh2 29. Kxh2 Rxc2+ 30. Kg3 Rg2+ 31. Kf4 d6 32. b5 Re2 33. Bc1 e5+ 34. Kg3 Kd7 35. a4 Bc4 36. Rb1 Kc7 37. Rb2 Re1 38. Bd2 Rg1+ 39. Kf2 Rf1+ 40. Ke3 d5 41. a5 Rf5 42. a6 Rxg5 43. Ba5+ Kb8 44. Bd8 Rg3+ 45. Kf2 Rg6 46. Be7 f5 47. Bc5 f4 48. Ke1 d4 49. Rb4 Bd5 50. Ra4 f3 51. b6 Bc6 52. Rb4 Be4 53. Ra4 Rg1+ 54. Kd2 f2 55. Bd6+ Ka8 56. Rc4 Rd1+ 0-1